| 000 | 01531nam0a22002771 4500 | ||
|---|---|---|---|
| 001 | rc\4946548 | ||
| 005 | 20260406225850.0 | ||
| 021 |
_aRU _b[59-43874] |
||
| 035 | _a(NLR Aleph) 008950528 | ||
| 090 |
_a9000424 _c9000424 |
||
| 100 | _a20130426g19581959|||y0rusy50 ca | ||
| 101 | 0 | _arus | |
| 102 | _aRU | ||
| 105 | _aa z ||||| | ||
| 200 | 1 |
_aСборник статей по вопросам развития телевидения _e(По материалам науч.-техн. конференции) _f[Ред. коллегия: Бейлис В.З.., Шмаков П.В. (отв. ред.)] _gНауч.-техн. о-во радиотехники и электросвязи им. А.С. Попова. Укр. респ. и Ленингр. обл. правл. Всесоюз. науч.-исслед. ин-т Гос. ком. Совета Министров СССР по радиоэлектронике |
|
| 210 |
_aКиев _cБ. и. _d1958 [вып. дан. 1959] |
||
| 215 |
_a136 с., 2 л. схем. _cил. _d22 |
||
| 606 |
_aТелевидение _jСборники _2psbo |
||
| 702 | 1 |
_aБейлис _bВ.З. _4340 |
|
| 702 | 1 |
_aШмаков _bП.В. _gПавел Васильевич _4340 |
|
| 712 | 0 | 2 |
_aНТО радиотехники и электросвязи им. А. С. Попова _cМосква _bУкраинское республиканское правление _3RU\NLR\AUTH\889981882 _9459728 |
| 801 | 0 |
_aRU _bNLR _gpsbo |
|
| 801 | 1 |
_aRU _bELAR _2rusmarc |
|
| 852 |
_aNLR _j59-5/3108 |
||
| 942 | _cBOOK | ||
| 980 | _aNB | ||